|
|
|
|
| LEADER |
00000nam0a2200000 4500 |
| 001 |
329606 |
| 005 |
20231102004158.0 |
| 010 |
|
|
|a 5881490495
|
| 035 |
|
|
|a (RuTPU)RU\TPU\book\355366
|
| 090 |
|
|
|a 329606
|
| 100 |
|
|
|a 20170316d2000 km y0rusy50 ca
|
| 101 |
0 |
|
|a rus
|
| 102 |
|
|
|a RU
|
| 105 |
|
|
|a y z 001zy
|
| 200 |
1 |
|
|a Корпоративный менеджмент. Опыт России и США
|f В. И. Шеин, А. В. Жуплев, А. А. Володин
|g Государственный университет управления (ГУУ) ; Национальный фонд подготовки кадров (НФПК)
|
| 210 |
|
|
|a Москва
|c Новости
|d 2000
|
| 215 |
|
|
|a 280 с.
|
| 320 |
|
|
|a Библиогр. в конце гл.
|
| 330 |
|
|
|a Особенности управления корпорациями — формирование и деятельность советов директоров, комитетов и комиссий, исполнительных органов и менеджмента — составляют большой круг рассматриваемых проблем. Сравнение с американскими корпорациями (даже и не всегда в пользу российских корпораций) позволит выявить направления совершенствования акционерных обществ, а приведенная авторская программа работ по сохранению и развитию управляемости российскими корпорациями предлагает перечень конкретных мер. Особое значение в корпорациях имеют миссия или философия бизнеса, стратегия развития, организация инвестиционной деятельности, открытость и прозрачность корпораций, что особенно развито в американской модели корпоративного управления. Богатый опыт корпораций США и проведенное сравнение открывают направления дальнейшего развития российских корпораций. Книга содержит интересные примеры российских корпораций и практические рекомендации. Книга выпущена в рамках совместного проекта Государственного университета управления и Национального фонда подготовки финансовых и управленческих кадров.
|
| 606 |
1 |
|
|a Менеджмент
|2 stltpush
|3 (RuTPU)RU\TPU\subj\42098
|9 61850
|
| 610 |
1 |
|
|a экономика
|
| 610 |
1 |
|
|a управление
|
| 610 |
1 |
|
|a корпоративный менеджмент
|
| 610 |
1 |
|
|a Россия
|
| 610 |
1 |
|
|a корпорации
|
| 610 |
1 |
|
|a правовые формы
|
| 610 |
1 |
|
|a зарубежный опыт
|
| 610 |
1 |
|
|a Америка
|
| 610 |
1 |
|
|a регистрация
|
| 610 |
1 |
|
|a Совет директоров
|
| 610 |
1 |
|
|a акционеры
|
| 610 |
1 |
|
|a инвесторы
|
| 610 |
1 |
|
|a корпоративные отношения
|
| 610 |
1 |
|
|a корпоративные стратегии
|
| 610 |
1 |
|
|a финансовые потоки
|
| 610 |
1 |
|
|a финансы
|
| 610 |
1 |
|
|a инвестиционная политика
|
| 610 |
1 |
|
|a экономический рост
|
| 610 |
1 |
|
|a корпоративное управление
|
| 686 |
|
|
|a У9(2)212я73
|v LBC/SL-A
|2 rubbk
|
| 700 |
|
1 |
|a Шеин
|b В. И.
|g Владимир Ильич
|
| 701 |
|
1 |
|a Жуплев
|b А. В.
|g Анатолий Васильевич
|
| 701 |
|
1 |
|a Володин
|b А. А.
|g Анатолий Алексеевич
|
| 712 |
0 |
2 |
|a Государственный университет управления (ГУУ)
|c (Москва)
|c (1998- )
|2 stltpush
|3 (RuTPU)RU\TPU\col\23
|
| 712 |
0 |
2 |
|a Национальный фонд подготовки кадров (НФПК)
|c (Москва)
|2 stltpush
|3 (RuTPU)RU\TPU\col\4425
|
| 801 |
|
1 |
|a RU
|b 63413507
|c 20170316
|
| 801 |
|
2 |
|a RU
|b 63413507
|c 20170327
|g RCR
|
| 942 |
|
|
|c BK
|